000 00573nam a2200193 a 4500
001 1766824442204
003 YourLibrary
005 20251229124201.0
008 251227s2003##################000#0#eng##
020 _a9783631364987
082 0 4 _a206.1096
_bHIR
100 1 _aKropp, Manfred,
_eauthor.
245 1 0 _aHeilige, Biographien und Geschichte in Afrika :
260 _bPeter Lang Gmbh, Internationaler Verlag Der Wissenschaften,
_c2003.
300 _a374 pages
650 0 _aForeign Language Study.
942 _cENGLISH
040 _aYourLibrary
_beng
_cYourLibrary
999 _c605757
_d605757